000 00573nam a2200193 a 4500
001 BRCA_132
005 20190320202908.0
008 040930s1999 sp-a---###---#000-0#spa-d
020 _a8477370796
050 4 _aAM5
_b.C66 1999
245 1 0 _aLos conocimientos técnicos
_bmuseos, arquitectura, arte
_cEdición de Juan Carlos Rico.
260 _aMadrid
_bSílex
_c1999.
300 _a640 p.
_bil.
_c23 cm.
504 _aIncluye referencias bibliográficas
650 1 4 _aMuseografía
_9525
650 1 4 _aArte
_xTécnica
_9526
700 1 _aRico, Juan Carlos
_9527
942 _2lcc
_cB
999 _c115
_d115